000 00656cam a2200205 a 4500
005 20160112130132.0
008 060907s1987 xxuab r 001 0 eng d
020 _a0226767159
040 _aDLC
_cDLC
_dYDX
_dBAKER
_dYDXCP
_dDLC
_dCO-BoIAVH
041 _aeng
044 _axxu
082 0 4 _a599.8
_bP95p
245 0 0 _aPrimate societies /
_cedited by Barbara B. Smuts y (otros 4 editores).
260 _aChicago :
_bThe University of Chicago Press.
_c1997
300 _a577 páginas
504 _aIncluye referencias bibliográficas e índice.
650 1 4 _aPrimates
_xComportamiento
_950068
700 1 _aSmuts, Barbara B.,
_eeditora
_97185
942 _2ddc
_cLIBRO
999 _c286
_d286